000 00609nam a22002177a 4500
999 _c8215
_d8215
003 AR-CdUCM
008 190322b ||||| |||| 00| 0 spa d
040 _aMUNICIPALIDAD PROVINCIAL DEL CUSCO
_cBIBLIOTECA MUNICIPAL DEL CUSCO
082 _a869.56 /
_bH46
100 _aHerrera de Angeles, I. Orfelinda
_923144
245 _aGracia de amor /
260 _aIca :
_bAscencio,
_c1968.
300 _a20 paginas ;
_bilustración,
_c20 cm.
500 _aPoesias
650 _aPerú
_935
650 _aNovelas
_9218
650 _aPoesias
_95433
650 _aSiglo XX
_98
942 _2ddc
_cLIBROS
945 _apjha